[Event "Bodenmais Arber op 10th"]
[Site "Bodenmais"]
[Date "2023.08.12"]
[Round "8"]
[White "Zepke, Armin"]
[Black "Hittinger, Christian"]
[Result "1-0"]
[WhiteElo "2087"]
[BlackElo "1958"]
[PlyCount "53"]
[EventDate "2023.08.05"]
[EventType "swiss"]
[EventRounds "9"]
[EventCountry "GER"]
[SourceTitle "EXT 2024"]
[Source "ChessBase"]
[SourceDate "2023.10.10"]
[SourceVersion "1"]
[SourceVersionDate "2023.10.10"]
[SourceQuality "1"]

1. c4 c5 2. Nc3 Nc6 3. g3 g6 4. Bg2 Bg7 5. e4 d6 6. Nge2 a6 7. 0-0 h5 8. h4 Rb8 9. a4 e6 10. d3 Nge7 11. Bg5 Bd7 12. Qd2 Qa5 13. Be3 Nd4 14. Nxd4 Bxd4 15. Nb5 Qb6 16. a5 Bxe3 17. fxe3 Qc6 18. e5 Qxg2+ 19. Kxg2 axb5 20. exd6 Nf5 21. d4 cxd4 22. Rxf5 exf5 23. Qxd4 0-0 24. cxb5 Bxb5 25. Rc1 Bc6+ 26. Kf2 Rfe8 27. a6 1-0

[Event "Niederbayern-ch"]
[Site "Ortenburg"]
[Date "2019.04.26"]
[Round "4"]
[White "Jergler, Karl Heinz"]
[Black "Zepke, Armin"]
[Result "1/2-1/2"]
[WhiteElo "2118"]
[BlackElo "2114"]
[PlyCount "37"]
[EventDate "2019.04.25"]
[EventType "swiss"]
[EventRounds "7"]
[EventCountry "GER"]
[SourceTitle "EXT 2023"]
[Source "ChessBase"]
[SourceDate "2022.10.05"]
[SourceVersion "1"]
[SourceVersionDate "2022.10.05"]
[SourceQuality "1"]

1. e4 c6 2. d4 d5 3. e5 Bf5 4. Nf3 e6 5. Be2 Nd7 6. 0-0 Bg6 7. c4 Nh6 8. Nc3 Nf5 9. cxd5 cxd5 10. Be3 Be7 11. Rc1 0-0 12. Qd2 Qb6 13. Na4 Qd8 14. a3 Rc8 15. Rxc8 Qxc8 16. Rc1 Qb8 17. Bb5 Rd8 18. Qc3 Nf8 19. Be2 1/2-1/2

[Event "Arber op 7th"]
[Site "Bodenmais"]
[Date "2018.07.28"]
[Round "1"]
[White "Zepke, Armin"]
[Black "Khamenya, Vitalia"]
[Result "1-0"]
[WhiteElo "2130"]
[BlackElo "1770"]
[PlyCount "63"]
[EventDate "2018.07.28"]
[EventType "swiss"]
[EventRounds "9"]
[EventCountry "GER"]
[SourceTitle "CBM 185 Extra"]
[Source "ChessBase"]
[SourceDate "2018.07.29"]
[SourceVersion "1"]
[SourceVersionDate "2018.07.29"]
[SourceQuality "1"]

1. d4 d5 2. Bf4 Nf6 3. e3 e6 4. Nd2 Be7 5. Bd3 Nbd7 6. h3 0-0 7. Ngf3 c5 8. c3 b6 9. 0-0 Bb7 10. a4 Rc8 11. Qb1 Re8 12. Ne5 Nf8 13. Bb5 N8d7 14. Ndf3 a6 15. Nxf7 Kxf7 16. Ng5+ Kg8 17. Nxe6 axb5 18. Nxd8 Rcxd8 19. axb5 Ra8 20. Qf5 Nf8 21. Bc7 g6 22. Qf4 N8d7 23. Bxb6 Nxb6 24. Qc7 Nfd7 25. Qxb7 Rac8 26. Ra7 Bd6 27. Rfa1 Rc7 28. Qxc7 Bxc7 29. Rxc7 cxd4 30. cxd4 Kf8 31. Ra6 h6 32. Rb7 1-0

[Event "Regionalliga Sued-Ost 1718"]
[Site "Bayern"]
[Date "2018.04.15"]
[Round "9.3"]
[White "Zepke, Armin"]
[Black "Bergerhoff, Andreas"]
[Result "0-1"]
[WhiteElo "2052"]
[BlackElo "2051"]
[PlyCount "76"]
[EventDate "2017.10.22"]
[EventType "team-tourn"]
[EventRounds "9"]
[EventCountry "GER"]
[SourceTitle "EXT 2022"]
[Source "ChessBase"]
[SourceDate "2021.10.06"]
[SourceVersion "1"]
[SourceVersionDate "2021.10.06"]
[SourceQuality "1"]
[WhiteTeam "Bayerwald Regen/Zwiesel"]
[BlackTeam "Bruckmuehl SK"]
[WhiteTeamCountry "GER"]
[BlackTeamCountry "GER"]

1. d4 Nf6 2. Bf4 e6 3. e3 d5 4. Nd2 Bd6 5. Bg3 Qe7 6. Ngf3 Nbd7 7. c4 c6 8. cxd5 exd5 9. Bxd6 Qxd6 10. Bd3 Nf8 11. Ne5 N6d7 12. Nxd7 Bxd7 13. 0-0 h5 14. Re1 Ne6 15. f4 g5 16. f5 Ng7 17. Qc2 Qf6 18. Rf1 h4 19. Nb3 Nh5 20. Nc5 Ng3 21. Rf2 g4 22. Re1 b6 23. Nxd7 Kxd7 24. e4 Nxe4 25. Bxe4 Rae8 26. Qa4 a5 27. Rd2 g3 28. b4 h3 29. hxg3 hxg2 30. Kxg2 Qh6 31. Rdd1 Qh2+ 32. Kf1 Rxe4 33. Rxe4 Qh1+ 34. Ke2 Rh2+ 35. Kd3 Qxe4+ 36. Kc3 Qe3+ 37. Rd3 Qc1+ 38. Kb3 Qc4+ 0-1

[Event "Regionalliga Sued-Ost 1718"]
[Site "Bayern"]
[Date "2017.10.22"]
[Round "1.3"]
[White "Parashchenko, Oleg"]
[Black "Zepke, Armin"]
[Result "1-0"]
[WhiteElo "2148"]
[BlackElo "2052"]
[PlyCount "217"]
[EventDate "2017.10.22"]
[EventType "team-tourn"]
[EventRounds "9"]
[EventCountry "GER"]
[SourceTitle "EXT 2022"]
[Source "ChessBase"]
[SourceDate "2021.10.06"]
[SourceVersion "1"]
[SourceVersionDate "2021.10.06"]
[SourceQuality "1"]
[WhiteTeam "Freising SK"]
[BlackTeam "Bayerwald Regen/Zwiesel"]
[WhiteTeamCountry "GER"]
[BlackTeamCountry "GER"]

1. e4 c6 2. d4 d5 3. exd5 cxd5 4. c4 Nf6 5. Nc3 e6 6. Nf3 Bb4 7. cxd5 Nxd5 8. Bd2 0-0 9. Bd3 Nc6 10. 0-0 Be7 11. Qe2 Bf6 12. Qe4 g6 13. Bh6 Nxc3 14. bxc3 Bg7 15. Bxg7 Kxg7 16. c4 Qf6 17. Rfd1 Rd8 18. Be2 Ne7 19. a4 Rb8 20. Ne5 b6 21. Ng4 Qf5 22. Qe3 Bb7 23. Ra3 Ng8 24. Qc3 Nf6 25. Ne3 Qg5 26. a5 Rbc8 27. axb6 axb6 28. Qb2 Nd7 29. c5 Rb8 30. c6 Bxc6 31. d5+ Qe5 32. Qxe5+ Nxe5 33. dxc6 Rxd1+ 34. Bxd1 Nxc6 35. Kf1 f5 36. Bf3 Nd4 37. Ra8 Rxa8 38. Bxa8 Kf6 39. Ke1 b5 40. Kd2 e5 41. Nc2 Ne6 42. Bc6 e4 43. Bxb5 f4 44. Bc4 Nc5 45. Kc3 Ke5 46. Bb5 g5 47. Na3 g4 48. Nc4+ Kf5 49. Be8 Nd3 50. Nd6+ Ke5 51. Nxe4 Ne1 52. Ng5 Nxg2 53. Nxh7 Nh4 54. Bd7 Nf5 55. Ng5 g3 56. Nf3+ Kf6 57. Kd3 gxf2 58. Ke2 Nd6 59. Kxf2 Ne4+ 60. Ke2 Ng5 61. Ng1 Nf7 62. Nh3 f3+ 63. Ke3 Ng5 64. Nf2 Kg6 65. Bg4 Nf7 66. Kf4 Nd6 67. Bxf3 Ne8 68. Ne4 Nf6 69. Ng3 Nd7 70. h4 Nf6 71. h5+ Nxh5+ 72. Nxh5 Kf7 73. Kf5 Kg8 74. Kf6 Kh8 75. Be4 Kg8 76. Nf4 Kh8 77. Ne6 Kg8 78. Ng5 Kh8 79. Nf7+ Kg8 80. Bf5 Kf8 81. Bc2 Kg8 82. Bg6 Kf8 83. Bh7 Ke8 84. Ne5 Kd8 85. Ke6 Kc7 86. Nd7 Kc6 87. Bd3 Kc7 88. Bb5 Kd8 89. Nf6 Kc7 90. Nd5+ Kc8 91. Ke7 Kb8 92. Kd7 Kb7 93. Kd6 Kc8 94. Be8 Kb7 95. Bd7 Ka6 96. Kc5 Kb7 97. Bc6+ Ka6 98. Nc3 Ka7 99. Ne4 Ka6 100. Nd6 Ka7 101. Be4 Ka6 102. Nb7 Ka7 103. Kc6 Kb8 104. Kb6 Ka8 105. Nc5+ Kb8 106. Bf5 Ka8 107. Bg4 Kb8 108. Na6+ Ka8 109. Bf3# 1-0

[Event "Arber op 6th"]
[Site "Bodenmais"]
[Date "2017.08.04"]
[Round "7"]
[White "Ries, Berthold"]
[Black "Zepke, Armin"]
[Result "0-1"]
[WhiteElo "1946"]
[BlackElo "2120"]
[PlyCount "106"]
[EventDate "2017.07.29"]
[EventType "swiss"]
[EventRounds "9"]
[EventCountry "GER"]
[SourceTitle "CBM 179 Extra"]
[Source "ChessBase"]
[SourceDate "2017.08.23"]
[SourceVersion "1"]
[SourceVersionDate "2017.08.23"]
[SourceQuality "1"]

1. e4 c6 2. d4 d5 3. e5 Bf5 4. Nf3 e6 5. Be2 Nd7 6. 0-0 Bg6 7. Be3 Nh6 8. Nbd2 Nf5 9. Bg5 Qb6 10. Nb3 h6 11. Bd2 Qc7 12. g4 Ne7 13. Bb4 Nc8 14. Bxf8 Nxf8 15. Rc1 Qe7 16. Nc5 Nh7 17. c4 dxc4 18. Bxc4 h5 19. h3 hxg4 20. hxg4 Ng5 21. Kg2 Nb6 22. Nxb7 Be4 23. Nd6+ Qxd6 24. exd6 Bxf3+ 25. Qxf3 Nxf3 26. Kxf3 Kd7 27. Ba6 Rab8 28. b3 Kxd6 29. Rc5 Nd5 30. Rfc1 Ne7 31. Be2 Rb4 32. Bc4 f5 33. Re5 fxg4+ 34. Kxg4 Rh6 35. Rce1 Nd5 36. Rg5 Rb7 37. Kg3 Rf7 38. Bxd5 cxd5 39. Rc1 Rhf6 40. Rc2 Rf3+ 41. Kg2 R3f4 42. Rd2 Ke7 43. Rg3 Kf6 44. Rf3 Rxf3 45. Kxf3 Rc7 46. Ke3 Kf5 47. f3 g5 48. b4 Rc1 49. Rd3 Re1+ 50. Kf2 Rb1 51. a3 Kf4 52. Re3 Rf1+ 53. Ke2 Re1+ 0-1

[Event "Arber op 6th"]
[Site "Bodenmais"]
[Date "2017.08.03"]
[Round "6"]
[White "Zepke, Armin"]
[Black "Babiy, Olga"]
[Result "0-1"]
[WhiteElo "2120"]
[BlackElo "2388"]
[PlyCount "160"]
[EventDate "2017.07.29"]
[EventType "swiss"]
[EventRounds "9"]
[EventCountry "GER"]
[SourceTitle "CBM 179 Extra"]
[Source "ChessBase"]
[SourceDate "2017.08.23"]
[SourceVersion "1"]
[SourceVersionDate "2017.08.23"]
[SourceQuality "1"]

1. e4 d6 2. d4 Nf6 3. Nc3 c6 4. Nf3 Bg4 5. Be2 e6 6. 0-0 Be7 7. e5 dxe5 8. Nxe5 Bxe2 9. Nxe2 Nbd7 10. Nxd7 Qxd7 11. c3 0-0 12. Bg5 h6 13. Bxf6 Bxf6 14. Re1 Rad8 15. Ng3 g6 16. Qc2 Qc7 17. Rad1 Rd5 18. Rd2 Rfd8 19. Rde2 Bg7 20. Ne4 a5 21. g3 Qc8 22. Nd2 c5 23. dxc5 Qxc5 24. Nf1 b5 25. a3 Qb6 26. Rd2 Rxd2 27. Nxd2 Qd6 28. Re2 Qd5 29. Nb3 a4 30. Nd2 f5 31. Nf1 Qc6 32. Rd2 Rxd2 33. Qxd2 g5 34. Qd3 Kf7 35. Ne3 h5 36. Nxf5 exf5 37. Qxf5+ Bf6 38. Qh7+ Kf8 39. Qxh5 Qe4 40. Qd1 Ke7 41. h3 Ke6 42. Qd2 Qd5 43. Qe3+ Kd7 44. Kf1 Kc6 45. Qe8+ Qd7 46. Qe4+ Kc5 47. Qb4+ Kb6 48. Kg1 Qd1+ 49. Kg2 Qd5+ 50. Kg1 Bd8 51. Qg4 Qd2 52. Qe6+ Kc7 53. Qe5+ Kc6 54. Qe6+ Qd6 55. Qc8+ Kd5 56. Qg4 Be7 57. Qe2 Kc5 58. Qe4 Qd7 59. Kh2 Kb6 60. Qe3+ Ka6 61. Kg1 Bd8 62. Qc5 Qe6 63. Kg2 Qe4+ 64. Kg1 Bb6 65. Qc8+ Qb7 66. Qf8 Ka7 67. Qf5 Qe7 68. Kg2 Qc5 69. Qf7+ Ka6 70. Qf3 Qc8 71. Qd5 Qf8 72. Qd2 Qa8+ 73. Kg1 Qf3 74. Kf1 Qh1+ 75. Ke2 Qg2 76. Qe1 Qxh3 77. Kf3 Qf5+ 78. Kg2 Qd5+ 79. Kh3 Qf3 80. Qe6 Ka5 0-1

[Event "Niederbayernliga 1516"]
[Site "Bayern"]
[Date "2016.02.21"]
[Round "7.2"]
[White "Bauer, Bernd"]
[Black "Zepke, Armin"]
[Result "1-0"]
[WhiteElo "1978"]
[BlackElo "2008"]
[PlyCount "62"]
[EventDate "2015.10.11"]
[EventType "team-tourn"]
[EventRounds "9"]
[EventCountry "GER"]
[SourceTitle "EXT 2023"]
[Source "ChessBase"]
[SourceDate "2022.10.05"]
[SourceVersion "1"]
[SourceVersionDate "2022.10.05"]
[SourceQuality "1"]
[WhiteTeam "Deggendorf II"]
[BlackTeam "Bayerwald Regen"]
[WhiteTeamCountry "GER"]
[BlackTeamCountry "GER"]

1. e4 c6 2. d4 d5 3. Nc3 dxe4 4. Nxe4 Nd7 5. Nf3 Ngf6 6. Ng3 e6 7. Bd3 Bd6 8. 0-0 Qc7 9. c4 b6 10. b3 Bb7 11. Bb2 c5 12. Re1 0-0 13. Ne4 Bxe4 14. Bxe4 Nxe4 15. Rxe4 Rad8 16. Qc2 cxd4 17. Rxd4 Be7 18. Rad1 Nb8 19. Rg4 Rxd1+ 20. Qxd1 f6 21. Qe2 Qc8 22. Rd4 Nc6 23. Rd2 e5 24. Ne1 Rd8 25. Nc2 Bc5 26. h3 Rxd2 27. Qxd2 Qf5 28. b4 Nd4 29. bxc5 Nxc2 30. c6 Nd4 31. Bxd4 exd4 1-0

[Event "Niederbayernliga 1516"]
[Site "Bayern"]
[Date "2016.01.31"]
[Round "6.3"]
[White "Zepke, Armin"]
[Black "Schmaus, Horst"]
[Result "0-1"]
[WhiteElo "2008"]
[BlackElo "2055"]
[PlyCount "100"]
[EventDate "2015.10.11"]
[EventType "team-tourn"]
[EventRounds "9"]
[EventCountry "GER"]
[SourceTitle "EXT 2023"]
[Source "ChessBase"]
[SourceDate "2022.10.05"]
[SourceVersion "1"]
[SourceVersionDate "2022.10.05"]
[SourceQuality "1"]
[WhiteTeam "Bayerwald Regen"]
[BlackTeam "Landshut"]
[WhiteTeamCountry "GER"]
[BlackTeamCountry "GER"]

1. d4 Nf6 2. Bf4 g6 3. e3 Bg7 4. Nf3 0-0 5. Be2 c5 6. c3 d6 7. 0-0 b6 8. h3 Qd7 9. Nbd2 Ba6 10. Bh2 Bxe2 11. Qxe2 Nc6 12. Rfd1 h6 13. Rac1 Rac8 14. c4 cxd4 15. exd4 d5 16. Ne5 Qb7 17. Nxc6 Rxc6 18. b3 Rfc8 19. Nf3 Qa6 20. Ne5 Re6 21. Kf1 dxc4 22. Rxc4 Rxc4 23. Qxc4 b5 24. Qc2 Nd5 25. Rc1 Kh7 26. Kg1 b4 27. Qd2 Nc3 28. Rc2 f6 29. Nc4 Re2 30. Qxe2 Nxe2+ 31. Rxe2 Qb7 32. g4 Qf3 33. Re3 Qd1+ 34. Kg2 Bf8 35. Re4 Qc2 36. Kf3 Qxa2 37. d5 Qxb3+ 38. Ne3 a5 39. d6 exd6 40. Re8 Kg7 41. h4 a4 42. h5 a3 43. hxg6 a2 44. Ra8 d5 45. Kg2 d4 46. Nf5+ Kxg6 47. Ra7 Qa3 48. Rd7 a1Q 49. Bf4 Qa8+ 50. f3 Q8a2+ 0-1

[Event "Arber op 4th"]
[Site "Bayerisch Eisenstein"]
[Date "2015.08.09"]
[Round "9"]
[White "Zepke, Armin"]
[Black "Kuba, Stanislav"]
[Result "1-0"]
[WhiteElo "2102"]
[BlackElo "2153"]
[PlyCount "63"]
[EventDate "2015.08.01"]
[EventType "swiss"]
[EventRounds "9"]
[EventCountry "GER"]
[SourceTitle "EXT 2016"]
[Source "ChessBase"]
[SourceDate "2015.10.08"]
[SourceVersion "1"]
[SourceVersionDate "2015.10.08"]
[SourceQuality "1"]

1. d4 Nf6 2. Bf4 g6 3. e3 Bg7 4. Nf3 Nh5 5. Bg5 h6 6. Bh4 g5 7. Nfd2 Nf6 8. Bg3 d5 9. Be2 c5 10. c3 cxd4 11. cxd4 Nc6 12. Nc3 Bf5 13. Qb3 Na5 14. Qa4+ Kf8 15. 0-0 h5 16. h4 gxh4 17. Bxh4 a6 18. Nf3 b5 19. Qb4 Rc8 20. Rfc1 Nc6 21. Qb3 Be4 22. Nxe4 Nxe4 23. a4 Rh6 24. axb5 axb5 25. Bxb5 Rb8 26. Qa4 Nb4 27. Qxb4 Rhb6 28. Ra7 f6 29. Rcc7 Nd6 30. Rxe7 Qxe7 31. Rxe7 Kxe7 32. Qc5 1-0

[Event "Niederbayern-ch"]
[Site "Regen"]
[Date "2015.06.20"]
[Round "6"]
[White "Stadler, Alexander"]
[Black "Zepke, Armin"]
[Result "1/2-1/2"]
[WhiteElo "2060"]
[BlackElo "2109"]
[PlyCount "55"]
[EventDate "2015.06.18"]
[EventType "swiss"]
[EventRounds "7"]
[EventCountry "GER"]
[SourceTitle "EXT 2023"]
[Source "ChessBase"]
[SourceDate "2022.10.05"]
[SourceVersion "1"]
[SourceVersionDate "2022.10.05"]
[SourceQuality "1"]

1. d4 d5 2. Nf3 Nf6 3. c4 c6 4. e3 Bf5 5. Nc3 e6 6. Nh4 Bg6 7. Qb3 Qb6 8. Nxg6 hxg6 9. Qxb6 axb6 10. Bd2 Nbd7 11. cxd5 exd5 12. Be2 b5 13. 0-0 Bd6 14. g3 b4 15. Nd1 Ne4 16. Be1 f5 17. f3 Nef6 18. Nf2 b6 19. Nd3 c5 20. f4 Ne4 21. Ne5 Bxe5 22. fxe5 Ke7 23. Bb5 Nb8 24. a4 Rc8 25. Rc1 Nc6 26. Rf4 Ke6 27. g4 Ra7 28. h4 1/2-1/2

[Event "Regionalliga SO 1415"]
[Site "Bayern"]
[Date "2015.04.12"]
[Round "9.7"]
[White "Zepke, Armin"]
[Black "Hock, Martin"]
[Result "1/2-1/2"]
[WhiteElo "2008"]
[BlackElo "1877"]
[PlyCount "86"]
[EventDate "2014.10.19"]
[EventType "team-tourn"]
[EventRounds "9"]
[EventCountry "GER"]
[SourceTitle "EXT 2018"]
[Source "ChessBase"]
[SourceDate "2017.10.13"]
[SourceVersion "1"]
[SourceVersionDate "2017.10.13"]
[SourceQuality "1"]
[WhiteTeam "Bayerwald Regen/Zwiesel"]
[BlackTeam "Graefelfing"]
[WhiteTeamCountry "GER"]
[BlackTeamCountry "GER"]

1. d4 Nf6 2. Bf4 d5 3. e3 e6 4. Nd2 Bd6 5. Bg3 Bxg3 6. hxg3 Nbd7 7. Ngf3 c5 8. c3 a6 9. Ne5 Nxe5 10. dxe5 Nd7 11. f4 Qb6 12. Qc2 c4 13. Kf2 g6 14. Be2 Nc5 15. b4 cxb3 16. axb3 Qc7 17. Rh6 Kf8 18. g4 Bd7 19. g5 Rc8 20. b4 Ne4+ 21. Nxe4 dxe4 22. c4 Bc6 23. Rd1 Rd8 24. Rxd8+ Qxd8 25. Rh1 Qb6 26. Qd2 Kg7 27. c5 Rd8 28. Qc3 Qc7 29. Rd1 Rxd1 30. Bxd1 Bd5 31. Qd4 Qe7 32. Bc2 h6 33. gxh6+ Kxh6 34. Bxe4 Bxe4 35. Qxe4 Qh4+ 36. g3 Qe7 37. Qd4 Qe8 38. Kf3 Qb5 39. Kf2 Qa4 40. Qd2 Kg7 41. g4 Qc6 42. Qd1 Qe4 43. Qd2 Qh1 1/2-1/2

[Event "Regionalliga SO 1415"]
[Site "Bayern"]
[Date "2015.02.01"]
[Round "6.7"]
[White "Zepke, Armin"]
[Black "Assmann, Juergen"]
[Result "1/2-1/2"]
[WhiteElo "2008"]
[BlackElo "1900"]
[PlyCount "29"]
[EventDate "2014.10.19"]
[EventType "team-tourn"]
[EventRounds "9"]
[EventCountry "GER"]
[SourceTitle "EXT 2018"]
[Source "ChessBase"]
[SourceDate "2017.10.13"]
[SourceVersion "1"]
[SourceVersionDate "2017.10.13"]
[SourceQuality "1"]
[WhiteTeam "Bayerwald Regen/Zwiesel"]
[BlackTeam "Waldkraiburg"]
[WhiteTeamCountry "GER"]
[BlackTeamCountry "GER"]

1. d4 Nf6 2. Bf4 e6 3. e3 d5 4. Nd2 Bd6 5. Bg3 0-0 6. Ngf3 b6 7. Ne5 Bb7 8. Bd3 c5 9. c3 Qc7 10. 0-0 Nbd7 11. Nxd7 Qxd7 12. Bxd6 Qxd6 13. f4 Ne4 14. Nf3 Qe7 15. Qe2 1/2-1/2

[Event "Arber op 3rd"]
[Site "Bayerisch Eisenstein"]
[Date "2014.08.22"]
[Round "7"]
[White "Kuba, Stanislav"]
[Black "Zepke, Armin"]
[Result "1-0"]
[WhiteElo "2137"]
[BlackElo "2105"]
[PlyCount "107"]
[EventDate "2014.08.16"]
[EventType "swiss"]
[EventRounds "9"]
[EventCountry "GER"]
[SourceTitle "CBM 161 Extra"]
[Source "ChessBase"]
[SourceDate "2014.08.29"]
[SourceVersion "1"]
[SourceVersionDate "2014.08.29"]
[SourceQuality "1"]

1. g3 d5 2. Bg2 c6 3. Nf3 Bf5 4. 0-0 e6 5. d4 Nf6 6. b3 h6 7. Bb2 Nbd7 8. Nbd2 Be7 9. c4 Ne4 10. Ne1 0-0 11. Nxe4 dxe4 12. Nc2 Nf6 13. Ne3 Bh7 14. Qc2 a5 15. a3 b5 16. a4 bxa4 17. bxa4 Qc7 18. Rab1 Rfb8 19. Bc3 Bd8 20. Rfc1 Ra7 21. Rxb8 Qxb8 22. Rb1 Rb7 23. Rxb7 Qxb7 24. Kf1 c5 25. Qb2 Qxb2 26. Bxb2 Nd7 27. d5 Nb6 28. Bh3 exd5 29. cxd5 Nxa4 30. Ba3 g6 31. Bd7 Nb6 32. Bc6 c4 33. Bc5 c3 34. Ke1 f5 35. Kd1 g5 36. Kc2 f4 37. Ng4 h5 38. Ne5 e3+ 39. Kxc3 Be4 40. f3 Bf6 41. Kd4 fxg3 42. hxg3 Bxf3 43. Bxb6 Bxe2 44. Ke4 h4 45. gxh4 gxh4 46. d6 h3 47. Kf5 Kg7 48. Bxe3 h2 49. Bh6+ Kxh6 50. Kxf6 Bb5 51. Bd5 Be8 52. Ke7 Bb5 53. Nc6 Bc4 54. Bh1 1-0

[Event "Arber op 3rd"]
[Site "Bayerisch Eisenstein"]
[Date "2014.08.20"]
[Round "5"]
[White "Strasil, Pavel"]
[Black "Zepke, Armin"]
[Result "0-1"]
[WhiteElo "2132"]
[BlackElo "2105"]
[PlyCount "80"]
[EventDate "2014.08.16"]
[EventType "swiss"]
[EventRounds "9"]
[EventCountry "GER"]
[SourceTitle "CBM 161 Extra"]
[Source "ChessBase"]
[SourceDate "2014.08.29"]
[SourceVersion "1"]
[SourceVersionDate "2014.08.29"]
[SourceQuality "1"]

1. e4 c6 2. d4 d5 3. exd5 cxd5 4. Bd3 Nc6 5. c3 Qc7 6. h3 Nf6 7. Qe2 Nxd4 8. Qd1 Nc6 9. Bg5 e5 10. Ne2 h6 11. Bxf6 gxf6 12. Ng3 Be6 13. Bf5 0-0-0 14. Qg4 Qd7 15. Bxe6 fxe6 16. Nd2 f5 17. Qa4 Kb8 18. Nb3 Rg8 19. Rg1 d4 20. 0-0-0 d3 21. Nf1 e4 22. Ne3 h5 23. Kb1 Ne5 24. Qa5 Nc6 25. Qa4 Ne5 26. Qa5 Qc7 27. Qa4 Bc5 28. Nxc5 Qxc5 29. g3 Rc8 30. Qb3 Nc4 31. Nxc4 Qxc4 32. Qxc4 Rxc4 33. Kc1 Kc7 34. Kd2 Kd6 35. Ke3 Ke5 36. f3 Rxg3 37. Rxg3 f4+ 38. Kf2 e3+ 39. Ke1 fxg3 40. Rxd3 g2 0-1